Normal view
MARC view
- ملحم، أحمد سالم
Entry Personal Name
001 - CONTROL NUMBER
- control field: 29344
003 - CONTROL NUMBER IDENTIFIER
- control field: JO-AjAnu
005 - DATE AND TIME OF LATEST TRANSACTION
- control field: 20230606074949.0
008 - FIXED-LENGTH DATA ELEMENTS
- fixed length control field: 230606|| aca||aabn | a|a d
040 ## - CATALOGING SOURCE
- Original cataloging agency: JO-AjAnu
- Transcribing agency: JO-AjAnu
100 ## - HEADING--PERSONAL NAME
- Personal name: ملحم، أحمد سالم
670 ## - SOURCE DATA FOUND
- Source citation: Work cat.: (JO-AjAnu)15063: ملحم، أحمد سالم, author, بيع المرابحة وتطبيقاته في المصارف الإسلامية: دراسة فقهية مقارنة تبين حقيقة المرابحة بصورتيها البسيطة والمركبة والممارسات النظرية والعملية لبيع المرابحة للآمر بالشراء في المصارف الإسلامية